Manchester City Footballers - Statistics

General Stats
  • This quiz has been taken 11 times
  • The average score is 18 of 20
Answer Stats
Picture Answer % Correct
David Silva
100%
Erling Haaland
100%
Frank Lampard
100%
Ilkay Gundogan
100%
Joe Hart
100%
John Stones
100%
Julian Alvarez
100%
Kyle Walker
100%
Rodri
100%
Vincent Kompany
100%
Nathan Ake
90%
Nathan Ake
90%
Sergio Aguero
90%
Fernandinho
80%
James Milner
80%
Leroy Sane
80%
Yaya Toure
80%
Aymeric Laporte
70%
Robinho
70%
Ferran Torres
60%
No matching quizzes found
Score Distribution
Percent of People with Each Score
Percentile by Number Answered
Your Score History
You have not taken this quiz